00501nam a2200181 a 450000100060000000300090000600800410001502000150005604000280007108200140009910000310011324500180014426000580016230000100022049000420023065000190027265000280029111245CO-ViMGA141112s2004 ck r 000 u spa d a9590400310 aCO-ViMGAbspacCO-ViMGA04a898 A451h1 aAllipán Cayuelo, Lorenzo10aHombre pajaro aColombia, cEdiciones Casas de las Américas, c1994 a37 p. aPoesía literaria indigenas, Mapuche14aPOESIA CHILENA14aPOESIA INDIGENA CHILENA